Dehati Gandhi: Bhagat Phool Singh jeevan-vrit 1885-1942 (Record no. 132828)

MARC details
000 -LEADER
fixed length control field 00388nam a2200145Ia 4500
008 - FIXED-LENGTH DATA ELEMENTS--GENERAL INFORMATION
fixed length control field 230917s9999||||xx |||||||||||||| ||und||
040 ## - CATALOGING SOURCE
-- 146694
Original cataloging agency VIVEKANANDA LIBRARY
041 ## - Language
-- English
082 ## - DDC NUMBER
Classification number B F739M:D
100 ## - MAIN ENTRY--PERSONAL NAME
Personal name Malik, Shivanand
245 #0 - TITLE STATEMENT
Title Dehati Gandhi: Bhagat Phool Singh jeevan-vrit 1885-1942
260 ## - PUBLICATION, DISTRIBUTION, ETC. (IMPRINT)
Place of publication, distribution, etc Hisar
Name of publisher, distributor, etc Shiva-Luxmi Vidya Dham
Date of publication, distribution, etc 2006
300 ## - PHYSICAL DESCRIPTION
Pages 316 p.
942 ## - ADDED ENTRY ELEMENTS (KOHA)
Koha item type Books
Holdings
Withdrawn status Lost status Damaged status Not for loan Location (home branch) Sublocation or collection (holding branch) Date acquired Koha issues (times borrowed) Koha full call number Accession No. Koha date last seen Koha item type
        VIVEKANANDA LIBRARY VIVEKANANDA LIBRARY 17/03/2010   B F739M:D 231915 17/09/2023 Books
© Designed and Maintained by Vivekananda Library, MDU Rohtak